Daily Capital City Riddle #99 - Statistics

General Stats
  • This quiz has been taken 42 times
  • The average score is 25 of 34
Answer Stats
Type Answer % Correct
Found Letter N
100%
Alphabet Letter A
97%
Found Letter O
97%
Found Letter C
94%
Alphabet Letter D
94%
Alphabet Letter I
94%
Alphabet Letter S
91%
Alphabet Letter E
88%
Alphabet Letter G
88%
Alphabet Letter L
88%
Alphabet Letter M
88%
Found Letter T
88%
Alphabet Letter B
85%
Alphabet Letter R
85%
Found Letter U
85%
Alphabet Letter W
85%
Alphabet Letter H
82%
Correctly Placed Letter O
82%
Alphabet Letter K
76%
Alphabet Letter Y
70%
Alphabet Letter V
67%
Correctly Placed Letter C
64%
Alphabet Letter J
64%
Correctly Placed Letter O
61%
Alphabet Letter P
61%
Correctly Placed Letter T
61%
Alphabet Letter X
58%
Alphabet Letter Z
55%
Correctly Placed Letter N
52%
Correctly Placed Letter O
52%
Alphabet Letter Q
52%
Alphabet Letter F
48%
Correctly Placed Letter U
48%
Mystery Capital Cotonou
42%
No matching quizzes found
Score Distribution
Percent of People with Each Score
Percentile by Number Answered
Your Score History
You have not taken this quiz